Literal Country Names-Asia - Statistics

General Stats
  • This quiz has been taken 18 times
  • The average score is 24 of 48
Answer Stats
Hint Answer % Correct
Land of the Mongols Mongolia
100%
Land of the Syrians Syria
100%
Land of the Rising Sun Japan
94%
Land of the Rus Russia
94%
Kingdom of the House of Saud Saudi Arabia
94%
Land of the Tai People Thailand
94%
United Arab Emirates
United Arab Emirates
94%
Kingdom of Three Laos Laos
89%
Land of Oman Oman
89%
Home of the Tajiks Tajikistan
89%
Land of the Turks Turkey
89%
Land of the Turk Men Turkmenistan
89%
Land of the South Viets Vietnam
89%
Land of the Bengalis Bangladesh
83%
Land of the Indus India
83%
Land of Prince Philip Philippines
83%
East East East Timor
78%
The Country Looked After by Ne Nepal
78%
Indian Islands Indonesia
72%
North High and Beautiful North Korea
72%
South High and Beautiful South Korea
72%
Lion City Singapore
67%
Middle Kingdom China
50%
Blessed Island Sri Lanka
50%
Land of the Thunder Dragon Bhutan
44%
Land of Kartvelians Georgia
39%
Land of the Aryans Iran
39%
Garland of Islands Maldives
39%
Land of Hayk Armenia
33%
He That Striveth With God Israel
33%
Land of The Pure Pakistan
33%
Land of Tar Qatar
22%
Protected by Fire Azerbaijan
17%
The Two Seas Bahrain
17%
Terrace Bay Taiwan
17%
The Fortress Kuwait
6%
Land of 40 Tribes Kyrgystan
6%
Land of the Free Uzbekistan
6%
Country of the South Yemen
6%
Mountainous Country Afghanistan
0%
There Brunei
0%
The City Cambodia
0%
Beside the Water Iraq
0%
Descend to The Sea Jordan
0%
Place Where One Stands Kazakhstan
0%
White Peaks Lebanon
0%
Mountain City Malaysia
0%
Swift and Strong Myanmar
0%
No matching quizzes found
Score Distribution
Percent of People with Each Score
Percentile by Number Answered
Your Score History
You have not taken this quiz